4. konferencia o pórobetóne

Bibliographic Details
Format: Book
Language:Slovak
PhysicalDescription:217, [6] s. 4°
Published: Bratislava Dom techniky SVTS 1972
Subjects:

MARC

LEADER 00000nam a2200000 a 4500
001 vtls010586212
003 SK-MaSNL
005 20260302050633.0
008 180814s1972 xo 100 0 slo
015 |a SNBA1972 
040 |a SNK  |b slo  |c SNK  |e AACR2 
041 0 |a slo 
044 |a xo  |c SK 
080 |a 691.327.333  |2 2001 
080 |a (062.534)  |2 2001 
245 0 0 |a 4. konferencia o pórobetóne 
246 3 3 |a Štvrtá konferencia o pórobetóne 
260 |a Bratislava  |b Dom techniky SVTS  |c 1972 
300 |a 217, [6] s.  |c 4° 
650 0 7 |a pórobetón  |2 SNKPH  |9 28204 
655 7 |a zborníky konferencií  |2 SNKPH  |9 70153 
958 |a OND 
999 |c 1097821  |d 1099751 
952 |a SNK  |b SNK  |y PREZ  |7 0  |p 17A0845866  |o snkSB 43076  |i snkD 687/88  |8 1  |0 0  |1 0  |4 0  |d 2014-03-28  |f 1  |l 0  |r 2025-05-09 00:00:00  |w 2026-02-24